00457 2200169 4500001002100000005001500021035002000036007000300056008004100059100001800100245004300118250001100161260003100172300004600203650001500249600002300264INLIS00000000000064920221129092650 a0010-1122000243ta221129 b 0 ind 0 aBagus Setiadi1 aKisah 25 Nabi & Rasul /cBagus Setiadi aCet. I aDepok :bAnak Bunda,c2022 a56 halaman :bilustrasi berwarna ;c26 cm 4aKisah Nabi 4aBacaan Anak Muslim